000 00697nam a2200145 a 4500
008 110831s2011 ||||||||||||||||| || u
050 _aUNCATD(08)CSSTI
110 _aUnited Nations Conference on Trade and Development (UNCTAD)
245 1 0 _aWater for food: Innovative water management technologies for food security and poverty alleviation
260 _aNew York
_bUnited Nations Conference on Trade and Development (UNCTAD)
_c2011
350 _a0.00
650 _aIRRIGATION--MANAGEMENT
650 _aAGRICULTURE AND STATE
995 _D0.00
_FCBU-MAIN LIBRARY (Kitwe)
_H1
_I0.00
_M1
_UAVAILABLE
_WOct 4, 2011
_ZInternational Publications
999 _c61475
_d61475